[Event "Barcelona Seniors 55 op 6th"]
[Site "Barcelona"]
[Date "2019.03.25"]
[Round "4.10"]
[White "Vallbona Domingo, Joan"]
[Black "Ruiz Planas, Adelito"]
[Result "1/2-1/2"]
[WhiteElo "1886"]
[BlackElo "1759"]
[PlyCount "47"]
[EventDate "2019.03.04"]
[EventType "swiss"]
[EventRounds "9"]
[EventCountry "ESP"]
[SourceTitle "EXT 2024"]
[Source "ChessBase"]
[SourceDate "2023.10.10"]
[SourceVersion "1"]
[SourceVersionDate "2023.10.10"]
[SourceQuality "1"]

1. c4 Nf6 2. Nf3 e6 3. g3 d5 4. Bg2 c6 5. b3 Nbd7 6. 0-0 Bd6 7. Bb2 e5 8. d4 e4 9. Ne5 0-0 10. e3 Re8 11. Nxd7 Bxd7 12. Nc3 Bg4 13. Qd2 Qd7 14. cxd5 cxd5 15. f4 exf3 16. Bxf3 Bb4 17. Qe2 Bxf3 18. Rxf3 Bxc3 19. Bxc3 Ne4 20. Bb2 Rac8 21. Rc1 Rxc1+ 22. Bxc1 Qc8 23. Rf1 Qe6 24. Bb2 1/2-1/2

[Event "Barcelona Seniors 55 op 6th"]
[Site "Barcelona"]
[Date "2019.03.18"]
[Round "3.10"]
[White "Ruiz Planas, Adelito"]
[Black "Mas Recorda, Pere"]
[Result "1/2-1/2"]
[WhiteElo "1759"]
[BlackElo "1965"]
[PlyCount "24"]
[EventDate "2019.03.04"]
[EventType "swiss"]
[EventRounds "9"]
[EventCountry "ESP"]
[SourceTitle "EXT 2024"]
[Source "ChessBase"]
[SourceDate "2023.10.10"]
[SourceVersion "1"]
[SourceVersionDate "2023.10.10"]
[SourceQuality "1"]

1. c4 e5 2. Nc3 Nc6 3. Nf3 Nf6 4. d3 d5 5. cxd5 Nxd5 6. g3 Be7 7. Bg2 Be6 8. 0-0 0-0 9. a3 h6 10. Bd2 Qd7 11. b4 a6 12. Rc1 Rad8 1/2-1/2

[Event "Roncana op-A 12th"]
[Site "Santa Eulalia de Roncana"]
[Date "2018.11.10"]
[Round "6"]
[White "Mas Recorda, Pere"]
[Black "Ruiz Planas, Adelito"]
[Result "1-0"]
[WhiteElo "1987"]
[BlackElo "1753"]
[PlyCount "75"]
[EventDate "2018.09.29"]
[EventType "swiss"]
[EventRounds "8"]
[EventCountry "ESP"]
[SourceTitle "CBM 187 Extra"]
[Source "ChessBase"]
[SourceDate "2018.11.04"]
[SourceVersion "1"]
[SourceVersionDate "2018.11.04"]
[SourceQuality "1"]

1. f4 d5 2. e3 Nf6 3. Nf3 Bg4 4. b3 e6 5. Bb2 Nbd7 6. Be2 Bxf3 7. Bxf3 c6 8. 0-0 Qc7 9. d4 Be7 10. Qd3 h5 11. Nd2 Nf8 12. c4 Ng6 13. Rac1 Nh4 14. e4 Nxf3+ 15. Rxf3 dxe4 16. Nxe4 0-0-0 17. Ng5 Bd6 18. Qf1 Ng4 19. c5 Bf8 20. b4 Rd5 21. Ne4 Be7 22. h3 Nh6 23. b5 Nf5 24. bxc6 bxc6 25. Nd6+ Bxd6 26. cxd6 Rxd6 27. Rb3 Kd7 28. d5 Ne7 29. dxe6+ Rxe6 30. Be5 Rxe5 31. fxe5 Qxe5 32. Qxf7 Kd6 33. Rd1+ Nd5 34. Rb7 Kc5 35. Rxa7 Rb8 36. Rc1+ Kd4 37. Ra4+ Kd3 38. Qg6+ 1-0

[Event "Roncana op-A 12th"]
[Site "Santa Eulalia de Roncana"]
[Date "2018.10.27"]
[Round "4"]
[White "Parra Ordorica, Gorka"]
[Black "Ruiz Planas, Adelito"]
[Result "0-1"]
[WhiteElo "1879"]
[BlackElo "1753"]
[PlyCount "104"]
[EventDate "2018.09.29"]
[EventType "swiss"]
[EventRounds "8"]
[EventCountry "ESP"]
[SourceTitle "CBM 187 Extra"]
[Source "ChessBase"]
[SourceDate "2018.11.04"]
[SourceVersion "1"]
[SourceVersionDate "2018.11.04"]
[SourceQuality "1"]

1. e4 c5 2. Nf3 e6 3. d4 cxd4 4. Nxd4 a6 5. Nc3 Qc7 6. Be2 Nf6 7. a3 b5 8. f4 d6 9. 0-0 Bb7 10. Bf3 Be7 11. Kh1 Nc6 12. Be3 0-0 13. g4 Nxd4 14. Qxd4 Rac8 15. g5 Nd7 16. h4 e5 17. Qd2 exf4 18. Bxf4 Ne5 19. Bg2 Nc4 20. Qc1 Nxb2 21. Nxb5 axb5 22. Qxb2 Qxc2 23. Qxc2 Rxc2 24. Rfd1 f5 25. Bxd6 Bxd6 26. Rxd6 Bxe4 27. Bxe4 fxe4 28. Re6 Rf4 29. h5 Rh4+ 30. Kg1 Rxh5 31. Rxe4 Rxg5+ 32. Kh1 Rgg2 33. Rae1 h6 34. Re8+ Kh7 35. Rb8 Rh2+ 36. Kg1 Rcg2+ 37. Kf1 Rf2+ 38. Kg1 Rhg2+ 39. Kh1 Rg5 40. Ree8 Rf4 41. Re2 Rh4+ 42. Rh2 Rxh2+ 43. Kxh2 Kg6 44. Kh3 Kh5 45. Rb7 g6 46. Rd7 Rc5 47. Rd3 g5 48. Rb3 g4+ 49. Kg3 Rf5 50. Kg2 Kh4 51. Kh2 g3+ 52. Kh1 Kh3 0-1

[Event "Santa Eugenia op 13th"]
[Site "Santa Eugenia"]
[Date "2018.07.31"]
[Round "4"]
[White "Ruiz Planas, Adelito"]
[Black "Ortiz Padro, Pol"]
[Result "0-1"]
[WhiteElo "1808"]
[BlackElo "1630"]
[PlyCount "54"]
[EventDate "2018.07.30"]
[EventType "swiss"]
[EventRounds "9"]
[EventCountry "ESP"]
[SourceTitle "CBM 185 Extra"]
[Source "ChessBase"]
[SourceDate "2018.07.29"]
[SourceVersion "1"]
[SourceVersionDate "2018.07.29"]
[SourceQuality "1"]

1. Nf3 Nf6 2. c4 g6 3. Nc3 Bg7 4. g3 0-0 5. Bg2 d6 6. d3 Nc6 7. 0-0 e5 8. Rb1 a5 9. Bd2 Bf5 10. Nh4 Be6 11. a3 Qd7 12. b4 axb4 13. axb4 Bh3 14. Nf3 Bxg2 15. Kxg2 Nh5 16. b5 Ne7 17. e4 c6 18. Qc1 f5 19. Bh6 fxe4 20. Nxe4 Qg4 21. Ng1 Bxh6 22. Qxh6 Nf4+ 23. Kh1 Nxd3 24. Qe3 Ra3 25. Ra1 Rxa1 26. Rxa1 Qxe4+ 27. Qxe4 Nxf2+ 0-1

[Event "Sant Adria op 14th"]
[Site "Sant Adria de Besos"]
[Date "2018.04.29"]
[Round "2.2"]
[White "Ruiz Planas, Adelito"]
[Black "Capellades Subirana, Marc"]
[Result "0-1"]
[WhiteElo "2002"]
[BlackElo "2340"]
[PlyCount "62"]
[EventDate "2018.04.15"]
[EventType "swiss"]
[EventRounds "9"]
[EventCountry "ESP"]
[SourceTitle "EXT 2024"]
[Source "ChessBase"]
[SourceDate "2023.10.10"]
[SourceVersion "1"]
[SourceVersionDate "2023.10.10"]
[SourceQuality "1"]

1. Nf3 Nf6 2. c4 g6 3. Nc3 Bg7 4. g3 0-0 5. Bg2 d5 6. cxd5 Nxd5 7. 0-0 Nc6 8. a3 Rb8 9. Qc2 Bg4 10. d3 Bxf3 11. Bxf3 Nd4 12. Qd1 Nxf3+ 13. exf3 Nxc3 14. bxc3 Bxc3 15. Rb1 Qd5 16. Qc2 Be5 17. Kg2 Rfd8 18. Rd1 Rd6 19. Be3 Ra6 20. Rb3 Rf6 21. d4 Qxf3+ 22. Kg1 Rc6 23. Qb1 Bf6 24. Rdd3 Qd5 25. a4 Rb6 26. Rxb6 axb6 27. Qc2 c6 28. Qb1 Ra8 29. Rb3 Rxa4 30. Rxb6 Bxd4 31. Rxb7 Ra1 0-1

[Event "Roncana op 11th"]
[Site "Santa Eulalia de Roncana"]
[Date "2017.11.11"]
[Round "7"]
[White "Martin Capitan, Jesus C"]
[Black "Ruiz Planas, Adelito"]
[Result "1/2-1/2"]
[WhiteElo "1703"]
[BlackElo "1808"]
[PlyCount "47"]
[EventDate "2017.09.23"]
[EventType "swiss"]
[EventRounds "8"]
[EventCountry "ESP"]
[SourceTitle "CBM 187 Extra"]
[Source "ChessBase"]
[SourceDate "2018.11.04"]
[SourceVersion "1"]
[SourceVersionDate "2018.11.04"]
[SourceQuality "1"]

1. e4 c5 2. Nc3 e6 3. f4 d6 4. Bb5+ Bd7 5. a4 a6 6. Bxd7+ Qxd7 7. Nf3 Nc6 8. 0-0 Be7 9. d3 Nh6 10. Qe1 f5 11. e5 d5 12. Ne2 b6 13. c3 0-0 14. d4 c4 15. Qd1 Na5 16. Nd2 Rac8 17. b4 Nb7 18. Nf3 Kh8 19. Kh1 Rg8 20. Neg1 Nf7 21. Nh3 Nbd8 22. Rg1 Nh6 23. Nhg5 Ndf7 24. Qe1 1/2-1/2

[Event "Roncana op 11th"]
[Site "Santa Eulalia de Roncana"]
[Date "2017.10.21"]
[Round "4"]
[White "Ruiz Planas, Adelito"]
[Black "Gayoso Rodriguez, Jaume Eduard"]
[Result "1-0"]
[WhiteElo "1808"]
[BlackElo "1720"]
[PlyCount "55"]
[EventDate "2017.09.23"]
[EventType "swiss"]
[EventRounds "8"]
[EventCountry "ESP"]
[SourceTitle "CBM 187 Extra"]
[Source "ChessBase"]
[SourceDate "2018.11.04"]
[SourceVersion "1"]
[SourceVersionDate "2018.11.04"]
[SourceQuality "1"]

1. e4 c5 2. Nf3 d6 3. d4 cxd4 4. Nxd4 a6 5. c4 Nf6 6. Nc3 e6 7. Be2 Be7 8. 0-0 0-0 9. Kh1 b6 10. Be3 Bb7 11. f3 Nbd7 12. Qd2 Rc8 13. Rfd1 Qc7 14. Rac1 Rfd8 15. Qe1 Ne8 16. Qf2 Bf6 17. b3 g6 18. Rd3 Ng7 19. Rdd1 e5 20. Nc2 Be7 21. Nb4 Nc5 22. Nbd5 Bxd5 23. Nxd5 Qb7 24. b4 Na4 25. Nxb6 Nc3 26. Nxc8 Nxd1 27. Nxe7+ Qxe7 28. Rxd1 1-0

[Event "Santa Eugenia op 12th"]
[Site "Santa Eugenia"]
[Date "2017.08.03"]
[Round "7"]
[White "Ruiz Planas, Adelito"]
[Black "Turon Crosa, Isaac"]
[Result "1/2-1/2"]
[WhiteElo "1796"]
[BlackElo "1681"]
[PlyCount "97"]
[EventDate "2017.07.31"]
[EventType "swiss"]
[EventRounds "9"]
[EventCountry "ESP"]
[SourceTitle "CBM 179 Extra"]
[Source "ChessBase"]
[SourceDate "2017.08.23"]
[SourceVersion "1"]
[SourceVersionDate "2017.08.23"]
[SourceQuality "1"]

1. Nf3 d5 2. c4 d4 3. d3 c5 4. g3 Nf6 5. Bg2 Nc6 6. Na3 e5 7. Ng5 Bf5 8. 0-0 h6 9. Ne4 Nxe4 10. dxe4 Bg6 11. Nc2 Qd7 12. Ne1 Be7 13. a3 Rd8 14. Nd3 0-0 15. b4 cxb4 16. axb4 Bxb4 17. Nxb4 Nxb4 18. Ba3 a5 19. Qb3 Rfe8 20. Bxb4 axb4 21. Qxb4 Qc6 22. f3 Ra8 23. Rfb1 Rxa1 24. Rxa1 Rc8 25. Rc1 b6 26. Bh3 Rc7 27. Kf2 f6 28. Bf1 Ra7 29. c5 Rc7 30. cxb6 Qxc1 31. bxc7 Qxc7 32. Bh3 Bf7 33. Qa3 g6 34. Qa8+ Kg7 35. Qc8 Qa7 36. Kf1 Qa1+ 37. Kf2 Qh1 38. Qd7 Qxh2+ 39. Bg2 h5 40. Qh3 Qxh3 41. Bxh3 g5 42. e3 d3 43. Ke1 Bg6 44. Kd2 Kh6 45. f4 h4 46. gxh4 gxh4 47. Bg4 Kg7 48. Bf3 Bh7 49. Bg4 1/2-1/2

[Event "Santa Eugenia op 12th"]
[Site "Santa Eugenia"]
[Date "2017.08.02"]
[Round "5"]
[White "Ruiz Planas, Adelito"]
[Black "Ortiz Padro, Pol"]
[Result "1-0"]
[WhiteElo "1796"]
[BlackElo "1450"]
[PlyCount "93"]
[EventDate "2017.07.31"]
[EventType "swiss"]
[EventRounds "9"]
[EventCountry "ESP"]
[SourceTitle "CBM 179 Extra"]
[Source "ChessBase"]
[SourceDate "2017.08.23"]
[SourceVersion "1"]
[SourceVersionDate "2017.08.23"]
[SourceQuality "1"]

1. e4 c5 2. Nf3 a6 3. d4 cxd4 4. Nxd4 Nf6 5. f3 e5 6. Nb3 d5 7. exd5 Nxd5 8. c4 Bb4+ 9. Ke2 Nf4+ 10. Bxf4 Qxd1+ 11. Kxd1 exf4 12. a3 Be7 13. Bd3 0-0 14. Re1 Bf6 15. Kc2 Nc6 16. Nc3 Nd4+ 17. Nxd4 Bxd4 18. Nd5 g5 19. Rad1 Bg7 20. b3 Be6 21. Nc7 Rac8 22. Nxe6 fxe6 23. Rxe6 Rfd8 24. Rde1 h6 25. R1e4 Bf8 26. h4 Kf7 27. h5 Rd7 28. Re2 Rd6 29. Bg6+ Kg7 30. Rxd6 Bxd6 31. a4 Bb4 32. Re6 Rd8 33. Bd3 Bf8 34. Rb6 Rd7 35. Be4 Kf7 36. Rxb7 Rxb7 37. Bxb7 a5 38. Kd3 Bb4 39. Ke4 Ke6 40. Bc8+ Kd6 41. Kf5 Ke7 42. Kg6 Bc5 43. Kxh6 Kf6 44. Kh7 Kf7 45. Bb7 Bf8 46. Bd5+ Kf6 47. h6 1-0

[Event "Llinars del Valles op 11th"]
[Site "Llinars del Valles"]
[Date "2017.06.03"]
[Round "7"]
[White "Ruiz Planas, Adelito"]
[Black "Martin Perez, Pau"]
[Result "0-1"]
[WhiteElo "1765"]
[BlackElo "1825"]
[PlyCount "98"]
[EventDate "2017.04.22"]
[EventType "swiss"]
[EventRounds "9"]
[EventCountry "CAT"]
[SourceTitle "EXT 2018"]
[Source "ChessBase"]
[SourceDate "2017.10.13"]
[SourceVersion "1"]
[SourceVersionDate "2017.10.13"]
[SourceQuality "1"]

1. Nf3 Nf6 2. c4 g6 3. Nc3 Bg7 4. g3 0-0 5. Bg2 d6 6. 0-0 c6 7. d3 e5 8. Bd2 Ne8 9. Rb1 f5 10. b4 Na6 11. b5 Nc5 12. Ne1 Bd7 13. Qc1 f4 14. Ne4 Ne6 15. e3 g5 16. gxf4 gxf4 17. Kh1 Rc8 18. Qa3 cxb5 19. cxb5 N6c7 20. Nxd6 Nxd6 21. Qxd6 Bxb5 22. Qxd8 Rcxd8 23. exf4 exf4 24. Be4 Bc6 25. f3 Nd5 26. Ng2 Be5 27. Nh4 Ne3 28. Bxe3 fxe3 29. Nf5 Bxe4 30. dxe4 Rd2 31. Nxe3 Rxh2+ 32. Kg1 Rxa2 33. Nf5 b6 34. Rbd1 Kf7 35. Rd7+ Kg6 36. Rc1 Bf6 37. Rcc7 Ra1+ 38. Kg2 Ra2+ 39. Kh3 Be5 40. Rc6+ Kg5 41. f4+ Kxf4 42. Rxh7 Kxe4 43. Ng3+ Bxg3 44. Kxg3 Rf3+ 45. Kg4 Rg2+ 46. Kh4 Rh2+ 47. Kg4 Rg2+ 48. Kh4 Rh2+ 49. Kg4 Rxh7 0-1

[Event "Barcelona Vila Gracia Seniors 55 op 4th"]
[Site "Barcelona"]
[Date "2017.05.15"]
[Round "9.5"]
[White "Ruiz Planas, Adelito"]
[Black "Zaiats, Vladimir"]
[Result "0-1"]
[WhiteElo "1763"]
[BlackElo "1962"]
[PlyCount "69"]
[EventDate "2017.03.06"]
[EventType "swiss"]
[EventRounds "9"]
[EventCountry "ESP"]
[SourceTitle "EXT 2024"]
[Source "ChessBase"]
[SourceDate "2023.10.10"]
[SourceVersion "1"]
[SourceVersionDate "2023.10.10"]
[SourceQuality "1"]

1. e4 e5 2. Nf3 Nf6 3. Nxe5 d6 4. Nf3 Nxe4 5. Qe2 Qe7 6. d3 Nf6 7. Qxe7+ Bxe7 8. Nc3 c6 9. Bd2 0-0 10. h3 Na6 11. Be2 Bd7 12. 0-0 Rfe8 13. a3 Nc7 14. Rae1 Ne6 15. Bd1 Bf8 16. Re2 b5 17. Rfe1 a5 18. Ne4 Nd5 19. Neg5 a4 20. Nxe6 fxe6 21. d4 h6 22. g4 b4 23. axb4 a3 24. bxa3 Rxa3 25. Kg2 Rb8 26. g5 Nxb4 27. gxh6 gxh6 28. Re3 Rxe3 29. fxe3 Nd5 30. e4 Ne7 31. Kh2 Bg7 32. c3 Rb2 33. Rg1 Be8 34. Rg2 Bh5 35. Kg3 0-1

[Event "Vall del Tenes op 6th"]
[Site "Santa Eulalia de Roncana"]
[Date "2017.05.12"]
[Round "4"]
[White "Ruiz Planas, Adelito"]
[Black "Lopez Torralba, Oscar"]
[Result "1-0"]
[WhiteElo "1765"]
[BlackElo "1512"]
[PlyCount "131"]
[EventDate "2017.04.21"]
[EventType "swiss"]
[EventRounds "8"]
[EventCountry "ESP"]
[SourceTitle "CBM 189 Extra"]
[Source "ChessBase"]
[SourceDate "2019.06.03"]
[SourceVersion "1"]
[SourceVersionDate "2019.06.03"]
[SourceQuality "1"]

1. e4 c5 2. Nf3 g6 3. d4 cxd4 4. Nxd4 Nc6 5. Nxc6 bxc6 6. Qd4 Nf6 7. e5 Ng8 8. e6 Nf6 9. exf7+ Kxf7 10. Bc4+ d5 11. 0-0 Bg7 12. Bb3 Ba6 13. Re1 Re8 14. Nc3 e6 15. Qa4 Qb6 16. Qf4 Kg8 17. Na4 Qb5 18. Nc3 Qb8 19. Qxb8 Raxb8 20. Bf4 Rb4 21. Bd6 Rb7 22. f3 Nd7 23. Na4 Bd4+ 24. Kh1 Bf2 25. Red1 c5 26. c3 c4 27. Bc2 Bb5 28. Rd2 Bh4 29. Nc5 Nxc5 30. Bxc5 Be7 31. Bxe7 Rexe7 32. Re1 Bd7 33. Bd1 Bc8 34. f4 Kf7 35. Re5 a5 36. Bf3 Kf6 37. g4 h6 38. h4 a4 39. a3 Rbd7 40. Kg2 Bb7 41. Kg3 Bc6 42. Rde2 Rd6 43. f5 g5 44. h5 Bd7 45. Kf2 Bc8 46. Ke1 Bd7 47. Kd2 Rb6 48. Kc1 Rd6 49. Kc2 Bc8 50. R5e3 Bd7 51. Kd2 Bc8 52. fxe6 Rexe6 53. Rf2 Rxe3 54. Kxe3 Ke5 55. Bd1 Bb7 56. Bxa4 d4+ 57. cxd4+ Rxd4 58. Rf5+ Ke6 59. Kxd4 Ba6 60. Ra5 Bb7 61. Kxc4 Bf3 62. Ra6+ Ke5 63. Rxh6 Bxg4 64. b4 Be2+ 65. Kc5 g4 66. Rg6 1-0

[Event "Vall del Tenes op 6th"]
[Site "Santa Eulalia de Roncana"]
[Date "2017.05.05"]
[Round "3"]
[White "Costa Trave, Jaume"]
[Black "Ruiz Planas, Adelito"]
[Result "1-0"]
[WhiteElo "1985"]
[BlackElo "1765"]
[PlyCount "69"]
[EventDate "2017.04.21"]
[EventType "swiss"]
[EventRounds "8"]
[EventCountry "ESP"]
[SourceTitle "CBM 189 Extra"]
[Source "ChessBase"]
[SourceDate "2019.06.03"]
[SourceVersion "1"]
[SourceVersionDate "2019.06.03"]
[SourceQuality "1"]

1. f4 e5 2. fxe5 d6 3. exd6 Bxd6 4. Nf3 Bg4 5. d3 Bxf3 6. gxf3 Qh4+ 7. Kd2 Bf4+ 8. e3 Qf2+ 9. Qe2 Bxe3+ 10. Kd1 Qxe2+ 11. Bxe2 Bxc1 12. Kxc1 Nc6 13. c3 0-0-0 14. Rg1 g6 15. d4 Nf6 16. Nd2 a6 17. Bc4 Nd5 18. Kc2 Ne3+ 19. Kd3 Nxc4 20. Nxc4 Rhe8 21. Rae1 b5 22. Nd2 f5 23. Nb3 Ne5+ 24. Kc2 Nxf3 25. Rxe8 Rxe8 26. Rg3 Nh4 27. Kd3 h6 28. Nc5 a5 29. b3 f4 30. Rh3 g5 31. d5 Nf5 32. Ne6 Rg8 33. Rf3 Nh4 34. Rf1 c6 35. dxc6 1-0

[Event "Vall del Tenes op 6th"]
[Site "Santa Eulalia de Roncana"]
[Date "2017.04.28"]
[Round "2"]
[White "Fabre Massana, Miquel"]
[Black "Ruiz Planas, Adelito"]
[Result "0-1"]
[WhiteElo "2078"]
[BlackElo "1765"]
[PlyCount "44"]
[EventDate "2017.04.21"]
[EventType "swiss"]
[EventRounds "8"]
[EventCountry "ESP"]
[SourceTitle "CBM 189 Extra"]
[Source "ChessBase"]
[SourceDate "2019.06.03"]
[SourceVersion "1"]
[SourceVersionDate "2019.06.03"]
[SourceQuality "1"]

1. e4 e5 2. Nf3 Nc6 3. Bc4 Bc5 4. b4 Bxb4 5. c3 Bd6 6. 0-0 Nf6 7. d4 0-0 8. dxe5 Nxe5 9. Nxe5 Bxe5 10. Re1 c6 11. Ba3 Qc7 12. g3 Re8 13. f4 Bxf4 14. gxf4 Qxf4 15. Nd2 d5 16. Be2 Bh3 17. Nf1 Nxe4 18. Bf3 Qg5+ 19. Ng3 Nxg3 20. Rxe8+ Rxe8 21. hxg3 Qxg3+ 22. Kh1 Re1+ 0-1

[Event "Llinars del Valles op 11th"]
[Site "Llinars del Valles"]
[Date "2017.04.22"]
[Round "1"]
[White "Campos Cayuelas, Adria"]
[Black "Ruiz Planas, Adelito"]
[Result "1/2-1/2"]
[WhiteElo "2006"]
[BlackElo "1765"]
[PlyCount "123"]
[EventDate "2017.04.22"]
[EventType "swiss"]
[EventRounds "9"]
[EventCountry "CAT"]
[SourceTitle "EXT 2018"]
[Source "ChessBase"]
[SourceDate "2017.10.13"]
[SourceVersion "1"]
[SourceVersionDate "2017.10.13"]
[SourceQuality "1"]

1. e4 c5 2. Nc3 e6 3. f4 a6 4. d4 cxd4 5. Qxd4 Nc6 6. Qf2 d6 7. Be3 Nf6 8. h3 Nd7 9. Nf3 Be7 10. Bd3 b5 11. 0-0 Bb7 12. f5 0-0 13. Qg3 Nde5 14. Ng5 Nxd3 15. cxd3 h6 16. Nf3 Kh7 17. fxe6 fxe6 18. d4 Rf6 19. e5 Rg6 20. Qf4 Nb4 21. Rad1 Nd5 22. Nxd5 Bxd5 23. a3 Rc8 24. Rc1 Rxc1 25. Rxc1 dxe5 26. dxe5 Qa8 27. Kh2 Qb7 28. Qf7 Be4 29. Bc5 Bxf3 30. Qxf3 Qxf3 31. gxf3 Bg5 32. Re1 Bf4+ 33. Kh1 Rg3 34. Re4 g5 35. a4 Rxf3 36. axb5 axb5 37. Rb4 Bxe5 38. Rxb5 Rxh3+ 39. Kg1 Kg6 40. b4 Rb3 41. Rb7 Kf5 42. Rh7 Kg6 43. Re7 Kf5 44. Rh7 Bc3 45. Rxh6 Bxb4 46. Bf2 Rb1+ 47. Kg2 Rb2 48. Kf1 e5 49. Rc6 g4 50. Rc7 Ke4 51. Rg7 Kf5 52. Rc7 Rb3 53. Rf7+ Kg6 54. Rb7 Rb2 55. Rc7 Kf5 56. Rf7+ Ke4 57. Rg7 Rb1+ 58. Kg2 Kf5 59. Rf7+ Kg6 60. Rc7 Bd2 61. Kg3 Bf4+ 62. Kxg4 1/2-1/2

[Event "Girona-ch"]
[Site "Banyoles"]
[Date "2016.11.06"]
[Round "6"]
[White "Ruiz Planas, Adelito"]
[Black "Jorda Garcia, Carles"]
[Result "0-1"]
[WhiteElo "1744"]
[BlackElo "1844"]
[PlyCount "111"]
[EventDate "2016.10.02"]
[EventType "swiss"]
[EventRounds "9"]
[EventCountry "ESP"]
[SourceTitle "EXT 2018"]
[Source "ChessBase"]
[SourceDate "2017.10.13"]
[SourceVersion "1"]
[SourceVersionDate "2017.10.13"]
[SourceQuality "1"]

1. Nf3 d5 2. c4 d4 3. d3 Nc6 4. g3 Nf6 5. Bg2 e5 6. a3 a5 7. Bg5 h6 8. Bxf6 Qxf6 9. Nbd2 Qd8 10. b3 Be7 11. Qc2 Bf5 12. Qb2 Qd7 13. h4 Rb8 14. h5 Bg4 15. Ne4 Qf5 16. Nh4 Qxh5 17. f3 Bd7 18. g4 Bxh4+ 19. Kd1 Bxg4 20. fxg4 Qxg4 21. Bf3 Qf4 22. Kc2 Bf6 23. Rag1 Qf5 24. Bg4 Qh7 25. b4 axb4 26. axb4 Be7 27. c5 g6 28. Bh3 f5 29. Ng3 Ra8 30. Ra1 Kf7 31. Qb3+ Kg7 32. b5 Rxa1 33. Rxa1 Nd8 34. Qd5 Bf6 35. Rg1 Kf8 36. Ra1 Qf7 37. Qf3 Qe7 38. Qd5 Qe6 39. Qf3 e4 40. dxe4 Qc4+ 41. Kd2 Qc3+ 42. Qxc3 dxc3+ 43. Kc2 f4 44. Nh1 Bd4 45. Kd3 Bxc5 46. Kxc3 Ke7 47. Kc4 Bb6 48. Kd5 Nf7 49. Rc1 Rd8+ 50. Kc4 Rd4+ 51. Kc3 Rxe4 52. Bg2 Rxe2 53. Bxb7 g5 54. Kd3 Re3+ 55. Kd2 Nd6 56. Bc6 0-1

[Event "Pont Major Gerunda op 1st"]
[Site "Pont Major"]
[Date "2016.05.06"]
[Round "5"]
[White "Ruiz Planas, Adelito"]
[Black "Parals Marce, Luis"]
[Result "0-1"]
[WhiteElo "1795"]
[BlackElo "2062"]
[PlyCount "34"]
[EventDate "2016.04.08"]
[EventType "swiss"]
[EventRounds "9"]
[EventCountry "ESP"]
[SourceTitle "EXT 2017"]
[Source "ChessBase"]
[SourceDate "2016.10.25"]
[SourceVersion "1"]
[SourceVersionDate "2016.10.25"]
[SourceQuality "1"]

1. Nf3 d5 2. d4 Nf6 3. e3 c5 4. Bb5+ Bd7 5. Bxd7+ Nbxd7 6. dxc5 e6 7. c6 bxc6 8. b3 Bd6 9. Bb2 e5 10. c4 0-0 11. cxd5 cxd5 12. Nc3 e4 13. Nd4 Ne5 14. 0-0 Nd3 15. Qe2 Rc8 16. Ncb5 Bb8 17. f4 a6 0-1

[Event "Llinars del Valles op-A 9th"]
[Site "Llinars del Valles"]
[Date "2015.04.25"]
[Round "3"]
[White "Ruiz Planas, Adelito"]
[Black "Romero Perera, Eugeni"]
[Result "0-1"]
[WhiteElo "1797"]
[BlackElo "2022"]
[PlyCount "94"]
[EventDate "2015.04.11"]
[EventType "swiss"]
[EventRounds "9"]
[EventCountry "ESP"]
[SourceTitle "EXT 2016"]
[Source "ChessBase"]
[SourceDate "2015.10.08"]
[SourceVersion "1"]
[SourceVersionDate "2015.10.08"]
[SourceQuality "1"]

1. e4 c5 2. Nf3 d6 3. d4 cxd4 4. Nxd4 Nf6 5. Bb5+ Bd7 6. Bxd7+ Qxd7 7. Qe2 g6 8. 0-0 Bg7 9. Nc3 0-0 10. f3 Nc6 11. Nb3 Rac8 12. Rd1 Qc7 13. Rb1 h6 14. Nb5 Qb8 15. c3 Nd7 16. Be3 a6 17. N5d4 b5 18. Nxc6 Rxc6 19. Qf2 Kh7 20. a3 Ne5 21. Bd4 Rfc8 22. h3 Nc4 23. Bxg7 Kxg7 24. Qd4+ Kg8 25. f4 e5 26. Qf2 Qb6 27. Qxb6 Rxb6 28. g3 a5 29. Nd2 Kf8 30. Kf2 Ke7 31. Ke2 Ke6 32. Nf1 f5 33. exf5+ gxf5 34. Ne3 Nxe3 35. Kxe3 Rc4 36. Rd2 b4 37. cxb4 axb4 38. axb4 Rcxb4 39. fxe5 dxe5 40. Rc2 Rb3+ 41. Kf2 e4 42. h4 Rf3+ 43. Kg2 Rbb3 44. Rc6+ Kd5 45. Rxh6 Rxg3+ 46. Kf2 Rbf3+ 47. Ke2 Rg2+ 0-1

[Event "Llinars del Valles op-A 9th"]
[Site "Llinars del Valles"]
[Date "2015.04.18"]
[Round "2"]
[White "Camus, Adrian Hugo"]
[Black "Ruiz Planas, Adelito"]
[Result "1/2-1/2"]
[WhiteElo "1940"]
[BlackElo "1797"]
[PlyCount "240"]
[EventDate "2015.04.11"]
[EventType "swiss"]
[EventRounds "9"]
[EventCountry "ESP"]
[SourceTitle "EXT 2016"]
[Source "ChessBase"]
[SourceDate "2015.10.08"]
[SourceVersion "1"]
[SourceVersionDate "2015.10.08"]
[SourceQuality "1"]

1. d4 Nf6 2. Nf3 e6 3. c4 Bb4+ 4. Bd2 Qe7 5. Nc3 c5 6. e3 d5 7. cxd5 Bxc3 8. Bxc3 Nxd5 9. Bd2 cxd4 10. exd4 Nd7 11. Bc4 N7f6 12. 0-0 a6 13. Ne5 b5 14. Bd3 Bb7 15. Qe2 Rc8 16. Rad1 h6 17. Bb1 h5 18. Rfe1 h4 19. h3 Nh5 20. Ng6 fxg6 21. Bxg6+ Kd7 22. Bxh5 Qf6 23. Bg4 Rce8 24. Bf3 Rhf8 25. Qf1 Qxd4 26. Bc3 Qf4 27. Rd4 Qc7 28. Bh5 Rc8 29. Rg4 g5 30. Rxg5 Rg8 31. Be5 Qc5 32. Bg7 Qe7 33. Rg6 Rxg7 34. Rgxe6 Qg5 35. Bf3 Kc7 36. R6e5 Qd8 37. Rd1 Rd7 38. Bg4 Nf6 39. Bxd7 Nxd7 40. Re2 Qg5 41. Rc2+ Kd8 42. Rxc8+ Kxc8 43. f3 Bc6 44. Qd3 Ne5 45. Qd6 Qe3+ 46. Kh1 Kb7 47. Qe7+ Kb6 48. Qd8+ Kb7 49. Qxh4 Nxf3 50. Qg3 Qe2 51. Rc1 Qxb2 52. Rf1 Ne5 53. Qg7+ Kb6 54. Re1 Nd3 55. Qxb2 Nxb2 56. h4 Nd3 57. Rf1 a5 58. Kh2 b4 59. g4 a4 60. Kg3 b3 61. axb3 axb3 62. Rb1 Bd5 63. h5 b2 64. h6 Be4 65. Kh4 Kc5 66. Kg5 Kd4 67. Kf6 Ne5 68. Rxb2 Nxg4+ 69. Kg7 Nxh6 70. Kxh6 Ke5 71. Kg5 Bd3 72. Rb8 Kd4 73. Kf4 Kc3 74. Ke3 Bc4 75. Rb7 Bb3 76. Rc7+ Kb2 77. Kd2 Ba2 78. Rb7+ Ka1 79. Kc2 Bc4 80. Rg7 Be6 81. Rg1+ Ka2 82. Re1 Bb3+ 83. Kc3 Bf7 84. Re7 Bg6 85. Re6 Bf5 86. Ra6+ Kb1 87. Ra5 Bg6 88. Rg5 Be4 89. Re5 Bg6 90. Ra5 Bc2 91. Ra7 Bg6 92. Ra6 Bf7 93. Rb6+ Ka1 94. Rb2 Bg6 95. Kb3 Bf7+ 96. Ka3 Bg6 97. Rf2 Bb1 98. Kb3 Be4 99. Ra2+ Kb1 100. Rd2 Ka1 101. Ka3 Bb1 102. Rb2 Bf5 103. Rb5 Bb1 104. Ra5 Bg6 105. Ra6 Be4 106. Ra4 Bg6 107. Rc4 Bf5 108. Rf4 Bb1 109. Kb3 Bg6 110. Ra4+ Kb1 111. Rg4 Bc2+ 112. Kc3 Bf5 113. Rg1+ Ka2 114. Rf1 Bg6 115. Rf6 Be4 116. Ra6+ Kb1 117. Ra4 Bf5 118. Rd4 Ka1 119. Rd1+ Ka2 120. Ra1+ Kxa1 1/2-1/2